Messaging Platform Logos - Statistics

General Stats
  • This quiz has been taken 46 times
    45 since last reset
  • The average score is 8 of 16
Answer Stats
Picture Answer % Correct
Gmail
100%
SnapChat
100%
WhatsApp
93%
Discord
90%
iMessages
76%
Messenger
74%
Microsoft Teams
71%
Outlook
71%
Telegram
52%
WeChat
33%
Viber
24%
Signal
12%
Slack
10%
QQ
2%
Flock
0%
Session
0%
No matching quizzes found
Score Distribution
Percent of People with Each Score
Percentile by Number Answered
Your Score History
You have not taken this quiz since the last reset